00341nam a2200145Ia 4500008004100000020001700041041000800058082001700066100002200083245002200105260002300127300000700150365001600157700002200173230718s9999 xx 000 0 und d a978935023417 aeng a005.678bHOL aHoldener A.T. III aHTML5 Geolocation c2011bO'reilly/SPD a95 cRs.b175.00 aHoldener A.T. III